Statistics for Best NFL player to ever be a member of every team

Click here to take the quiz!

General Stats

  • This quiz has been taken 22 times
    (7 since last reset)
  • The average score is 21 of 32

Answer Stats

TeamPlayer% Correct
LVRJerry Rice
100%
SEAJerry Rice
100%
SFFJerry Rice
100%
DENJerry Rice
100%
INDPeyton Manning
100%
TBBTom Brady
100%
NEPTom Brady
100%
BUFBruce Smith
86%
DETBarry Sanders
71%
MIADan Marino
71%
ATLDeion Sanders
71%
WASDeion Sanders
71%
DALDeion Sanders
71%
NOSDrew Brees
71%
CLEJim Brown
71%
PITMean Joe Greene
71%
TENRandy Moss
71%
MINRandy Moss
71%
BALRay Lewis
71%
CHIWalter Payton
71%
CINAnthony Munoz
57%
NYGLawrence Taylor
57%
PHIReggie White
57%
CARReggie White
57%
GBPReggie White
57%
HOUEd Reed
43%
KANJoe Montana
43%
LARAaron Donald
29%
LACJohnny Unitas
29%
ARIDick Lane
14%
NYJRonnie Lott
14%
JAXTony Boselli
0%

Score Distribution

Percentile by Number Answered

Percent of People with Each Score

Your Score History

You have not taken this quiz since the last reset